000 00478nam a2200181Ia 4500
005 20250423095926.0
008 250422s9999 xx 000 0 und d
020 _a9781597841368
050 _aBP 189 .G85/
100 _aGülen, Fethullah.
245 0 _aKey concepts in the practice of Sufism : emerald hills of the heart 3
260 _aNew Jersey
260 _bTughra Books
260 _c2004
300 _a287 p
650 _aSufism_Doctrines |9 378388
942 _cBK
999 _c31749
_d31749